[Event "19th Amber Rapid"]
[Site "Nice FRA"]
[Date "2010.03.16"]
[Round "4"]
[White "Kramnik, V."]
[Black "Gelfand, B."]
[Result "0-1"]
[WhiteElo "2790"]
[BlackElo "2750"]
[PlyCount "37"]
[EventDate "2010.03.13"]

1. d4 Nf6 2. c4 e6 3. Nf3 b6 4. g3 Ba6 5. b3 Bb4+ 6. Bd2 Be7 7. Bg2 c6 8. Bc3
d5 9. Nbd2 Nbd7 10. Qc2 c5 11. dxc5 bxc5 12. O-O O-O 13. Bb2 Qb6 14. Rfe1 Bb7
15. cxd5 exd5 16. Rad1 Rad8 17. Bh3 Qc6 18. Rc1 Ne4 19. Bg2 0-1